000 00402nam a2200181Ia 4500
001 660
005 20260306140534.0
008 260306t2011||||xx |||||||||||||| ||spa||
041 _aESP
082 _a128.2
_bK55
100 _aKim, Jaegwon
_eAUT
245 0 _aPhilosophy of mind
260 _c2011
300 _a374 páginas :
_c23 cm.
650 _aGEN
654 _aCHU
942 _cLIB
_dJUS
_fJUS
_2ddc
_n
999 _c660
_d660